000 00423nam a2200181Ia 4500
001 12957
005 20260306163018.0
008 260306t2012||||xx |||||||||||||| ||spa||
041 _aESP
082 _a467
_bR71
100 _aRobles Rázuri, Carlos
_eAUT
245 0 _aLa lengua de los piuranos
260 _c2012
300 _a390 páginas :
_c20 cm.
650 _aGEN
654 _aCHU
942 _cLIB
_dJUS
_fJUS
_2ddc
_n
999 _c12957
_d12957